00000000nas 2200000zi 4500
0019.903823
003CaOODSP
00520250623112808
006m     o  d f      
007cr cn|||||||||
008211004d20212023oncar p o    f0###b0fre|d
022 |a2564-1263
040 |aCaOODSP|bfre|erda|cCaOODSP
043 |an-cn---
0861 |aHR2-12F-PDF
1102 |aCommission canadienne des droits de la personne.|eauteur, |eorganisme de publication.
222 3|aLe plan d'action de lutte contre le racisme, rapport d'étape
24513|aLe plan d'action de lutte contre le racisme : |brapport d'étape / |cCommission canadienne des droits de la personne.
2461 |iLa livraison de l'automne 2023 comporte le titre : |aMise à jour de la Commission canadienne des droits de la personne
264 1|aOttawa (Ontario) : |bCommission canadienne des droits de la personne = Canadian Human Rights Commission, |c[2021-2023]
310 |aAnnuel
336 |atexte|btxt|2rdacontent/fre
337 |ainformatique|bc|2rdamedia/fre
338 |aressource en ligne|bcr|2rdacarrier/fre
3621 |aParaît depuis : Premier numéro (juin 2021); ne paraît plus après : Automne 2023.
500 |aPublié aussi en anglais sous le titre : Anti-racism action plan : progress report.
588 |aDescription d'après : Premier numéro (juin 2021); titre de la page couverture du fichier PDF.
588 |aDernière livraison consultée : Automne 2023.
61026|aCommission canadienne des droits de la personne|vPériodiques.
650 6|aAntiracisme|xPolitique gouvernementale|zCanada|vPériodiques.
655 7|aPériodiques|2rvmgf
77508|tAnti-racism action plan : |w(CaOODSP)9.903818